Countries with Compulsory Voting - Statistics

General Stats
  • This quiz has been taken 10 times
  • The average score is 14 of 24
Answer Stats
Answer % Correct
Argentina
80%
Bolivia
80%
Brazil
80%
Chile
80%
North Korea
80%
Paraguay
80%
Thailand
80%
Uruguay
80%
Egypt
70%
Mexico
70%
Peru
70%
Singapore
70%
Australia
60%
Costa Rica
60%
Ecuador
60%
Fiji
50%
Honduras
50%
Turkey
50%
Belgium
40%
Samoa
40%
Greece
30%
Luxembourg
30%
Nauru
30%
Liechtenstein
20%
No matching quizzes found
Score Distribution
Percent of People with Each Score
Percentile by Number Answered
Your Score History
You have not taken this quiz